Stolice państw i terenów autonomicznych/zależnych Ameryki Południowej - Statystyki

Ogólne statystyki
  • Ten quiz został rozwiązany 14 razy
  • Średni wynik to 11 z 16
Statystyki odpowiedzi
Państwo Stolica % Poprawnych
Brazylia Brasília
100%
Argentyna Buenos Aires
100%
Kolumbia Bogota
92%
Wenezuela Caracas
85%
Peru Lima
85%
Urugwaj Montevideo
85%
Chile Santiago
85%
Paragwaj Asunción
69%
Ekwador Quito
69%
Boliwia Sucre/La Paz
69%
Gujana Georgetown
54%
Surinam Paramaribo
54%
Gujana Francuska Kajenna
46%
Trynidad i Tobago Port-of-Spain
46%
Falklandy Stanley
38%
Georgia Poł. i Sandw. Poł. King Edward Point
31%
Nie znaleziono quizów pasujących do podanych kryteriów
Rozkład punktacji
Procent ludzi z każdym wynikiem
Percentyl według liczby udzielonych odpowiedzi
Twoja historia wyników
Nie rozwiązałeś tego quizu